000 00530nam a2200169Ia 4500
999 _c892
_d892
003 OSt
005 20201223112326.0
008 190216s9999||||xx |||||||||||||| ||und||
040 _coclc
082 _a297.122594812
_bNAD/V
100 _aNadwi, Bahauddeen Muhammed
_97797
245 0 _aVishudha Quran Vivaranam /
_cBahauddeen Muhammed Nadwi
260 _bDarul Huda Islamic University,
_c2015.
_aChemmad:
300 _a863p
650 _aArabic
942 _cBK
_2ddc
_h297.122594812
_iNAD/V
_k297.122594812
_mNAD/V